Piano concerto no. 3 opus 26 in C major /

Bibliographic Details
Main Author: Prokofiev, Sergey, 1891-1953
Format: Musical Score Book
Published: Miami, FL : CPP Belwin, [between 1990 and 1999?]
Series:Kalmus classic edition.
Subjects:

MARC

Tag First Indicator Second Indicator Subfields
LEADER 00000ccm a2200000Ma 4500
001 in00001555721
005 20151022070812.0
008 950601q19901995flucob n d
028 2 2 |a K00272  |b CPP Belwin 
035 |a (OCoLC)ocm33049472 
040 |a RBN  |c RBN  |d OCL  |d TXA  |d UtOrBLW 
048 |b ka01  |a oa 
049 |a TXAM 
050 1 4 |a M1010.P7  |b C3x 1990z 
090 |a M1010  |b .P865 op.26 1990z 
100 1 |a Prokofiev, Sergey,  |d 1891-1953. 
240 1 0 |a Concertos,  |m piano, orchestra,  |n no. 3, op. 26,  |r C major 
245 1 0 |a Piano concerto no. 3 opus 26 in C major /  |c Sergei Prokofiev. 
254 |a Miniature score. 
264 1 |a Miami, FL :  |b CPP Belwin,  |c [between 1990 and 1999?] 
300 |a 1 miniature score (180 pages) ;  |c 18 cm. 
336 |a notated music  |b ntm  |2 rdacontent 
337 |a unmediated  |b n  |2 rdamedia 
338 |a volume  |b nc  |2 rdacarrier 
490 1 |a Kalmus classic edition 
500 |a Cover title. 
650 0 |a Concertos (Piano)  |v Scores. 
830 0 |a Kalmus classic edition. 
948 |a cataloged  |b h  |c 2000/10/2  |d c  |e fpiscitelli  |f 2:27:57 pm 
994 |a E0  |b TXA 
999 |a MARS 
999 f f |s 2c9abee6-f75c-3f17-845f-e8b5198ffb6c  |i f131d8df-7e3b-31bc-b9f9-ae92e4ea54e2  |t 0 
952 f f |p normal  |a Texas A&M University  |b College Station  |c Sterling C. Evans Library  |d Evans: Library Stacks  |t 0  |e M1010 .P865 op.26 1990z  |h Library of Congress classification  |i unmediated -- volume  |m A14826595787 
952 f f |a Texas A&M University  |b College Station  |c Sterling C. Evans Library  |d Evans: Library Stacks  |t 0  |e M1010 .P865 op.26 1990z  |h Library of Congress classification 
998 f f |a M1010 .P865 op.26 1990z  |t 0  |l Evans: Library Stacks 
998 f f |a M1010 .P865 op.26 1990z  |t 0  |l Evans: Library Stacks